| 000 | 00482nam a2200205Ia 4500 | ||
|---|---|---|---|
| 003 | OSt | ||
| 005 | 20230408113119.0 | ||
| 008 | 210423s2008 xx 000 0 und d | ||
| 020 | _a9788181281784 | ||
| 040 | _cAL | ||
| 041 | _aeng | ||
| 082 | _a512.5 JANK | ||
| 100 |
_aJANICH (Klaus). _984959 |
||
| 245 | _aLinear algebra. | ||
| 260 |
_aNew Delhi _bSpringer Pvt Ltd _c2008 |
||
| 300 |
_aix,204 _bPB |
||
| 365 |
_b695 _cINR |
||
| 906 | _aalgebra. ; Linear | ||
| 942 |
_2ddc _cBK |
||
| 999 |
_c158287 _d158287 |
||